| 000 | 00758nam a2200241Ia 4500 | ||
|---|---|---|---|
| 003 | GCL | ||
| 008 | 140319s9999 xx 000 0 ara d | ||
| 040 |
_aGCL / _cGCL |
||
| 082 | 0 | 4 |
_a910.2 _bا ج |
| 100 | 1 | _aاحمد الجلاد | |
| 245 | 1 | 0 |
_aالجغرافيا العامة ومبادئها لطلبة السياحة / _cاحمد الجلاد |
| 300 | _a143 ص | ||
| 490 |
_aالهيئة العامة للاستعلامات _v0 |
||
| 650 | 0 | 4 | _aالجغرافيا الطبيعية |
| 650 | 0 | 4 | _aالسياحة |
| 650 | 0 | 4 | _aالجغرافيا |
| 650 | 0 | 4 | _aالمناخ |
| 650 | 0 | 4 | _aاليونان |
| 650 | 0 | 4 | _aالجغرافيا السياسية |
| 650 | 0 | 4 | _aالسياحة والدولة |
| 650 | 0 | 4 | _aايطاليا |
| 942 |
_2ddc _cBK |
||
| 999 |
_c47752 _d47752 |
||